| 000 | 00838nam a2200241 4500 | ||
|---|---|---|---|
| 003 | CO-ViMGA | ||
| 020 | _a9789583033148 | ||
| 040 |
_aCO-ViMGA _bspa _cCO-ViMGA |
||
| 082 | 0 | 4 |
_a741 _bL82e |
| 100 | 1 |
_aLudwingsen-Kaiser, Ute. _96355 |
|
| 245 | 1 | 0 |
_aEscuela de dibujo y pintura / _cUte, Ludwingsen-Kaiser. |
| 260 |
_aColombia: _bPanamericana, _c2010. |
||
| 300 |
_a64 p. : _bil. ; 28 cm. |
||
| 490 | _aGuía de arte para niños. | ||
| 534 | _tKreative kindermalschule. | ||
| 650 | 1 | 4 |
_aDibujo - Enseñanza - Literatura infantil. _96356 |
| 650 | 1 | 4 |
_aDibujo - Técnica - Literatura infantil. _96357 |
| 650 | 1 | 4 |
_aPintura - Enseñanza - Literatura infantil. _96358 |
| 650 | 1 | 4 |
_aPintura - Técnica - Literatura infantil. _96359 |
| 700 | 1 |
_aAuchter, Carolina, _etr. _96360 |
|
| 700 | 1 |
_aLópez de Mesa, Diana, _eed. _96361 |
|
| 942 |
_2ddc _cBK |
||
| 999 |
_c37512 _d37512 |
||